駅名に「中」が含まれる日本の鉄道駅 - Statistics

General Stats
  • This quiz has been taken 221 times
  • The average score is 65 of 289
Answer Stats
市町村 Answer % Correct
みどり市 | 上田市 | 中野区 中野
90%
中津市 | 大阪市 中津
82%
いの町 | 横浜市 中山
80%
中野区 東中野
76%
南陽市 | 横浜市 中川
74%
府中市 | 徳島市 府中
73%
つがる市 | 小松島市 | 横浜市 中田
69%
府中市 府中本町
69%
中津川市 中津川
67%
中野区 中野坂上
66%
新宿区 中井
65%
四万十市 中村
63%
中野区 中野富士見町
61%
中野区 新中野
60%
府中市 東府中
59%
新発田市 中浦
58%
名古屋市 | 広島市 中島
58%
中富良野町 中富良野
57%
府中市 北府中
57%
さいたま市 中浦和
56%
目黒区 中目黒
56%
中間市 中間
56%
中富良野町 西中
54%
板橋区 中板橋
52%
豊中市 豊中
52%
中之条町 中之条
51%
大和市 中央林間
51%
浜中町 浜中
50%
安中市 安中
50%
中野区 中野新橋
50%
府中市 府中競馬正門前
50%
前橋市 中央前橋
46%
鹿児島市 鹿児島中央
46%
三郷市 三郷中央
44%
昭島市 中神
43%
中野市 信州中野
43%
中川町 天塩中川
42%
仙台市 泉中央
42%
横須賀市 横須賀中央
40%
大阪市 中之島
40%
和泉市 和泉中央
40%
千葉市 千葉中央
39%
八千代市 八千代中央
39%
印西市 千葉ニュータウン中央
39%
昭島市 東中神
39%
若狭町 上中
39%
東御市 田中
39%
練馬区 中村橋
37%
川崎市 武蔵中原
37%
弘前市 中央弘前
35%
江東区 越中島
35%
伊奈町 伊奈中央
34%
川崎市 中野島
34%
みやき町 中原
34%
船橋市 東中山
33%
大阪市 西中島南方
33%
船橋市 下総中山
32%
佐倉市 中学校
32%
軽井沢町 中軽井沢
32%
郡上市 大中
32%
松阪市 伊勢中川
32%
豊中市 千里中央
32%
高梁市 備中高梁
32%
船橋市 京成中山
31%
舟橋村 越中舟橋
31%
宝塚市 中山寺
31%
常滑市 中部国際空港
29%
紫波町 紫波中央
28%
北区 上中里
28%
府中市 中河原
28%
横浜市 いずみ中央
28%
富山市 越中八尾
28%
岡崎市 中岡崎
28%
品川区 中延
27%
佐世保市 中里
27%
津幡町 中津幡
26%
射水市 越中大門
25%
長野市 川中島
25%
名古屋市 中小田井
25%
船橋市 原木中山
24%
堺市 中百舌鳥
24%
中津市 東中津
24%
七飯町 大中山
23%
宝塚市 中山観音
23%
岡山市 備中高松
23%
新見市 備中神代
23%
みどり市 小中
22%
富山市 西中野
22%
佐世保市 佐世保中央
22%
野田村 陸中野田
21%
大多喜町 上総中野
21%
八王子市 中央大学・明星大学
21%
京都市 中書島
21%
佐世保市 中佐世保
21%
鹿児島市 鹿児島中央駅前
21%
愛別町 中愛別
19%
斜里町 中斜里
19%
青森市 中沢
19%
北茨城市 南中郷
19%
那珂市 中菅谷
19%
品川区 荏原中延
19%
三田市 ウッディタウン中央
19%
札幌市 中の島
18%
中泊町 津軽中里
18%
釜石市 陸中大橋
18%
山田町 陸中山田
18%
朝日町 越中宮崎
18%
荒川区 荒川一中前
18%
湯沢町 越後中里
18%
碧南市 碧南中央
18%
大阪市 中崎町
18%
神戸市 西神中央
18%
広島市 中野東
18%
中間市 東中間
18%
南阿蘇村 中松
18%
札幌市 中島公園
17%
外ヶ浜町 中小国
17%
奥州市 陸中折居
17%
胎内市 中条
17%
高岡市 越中中川
17%
山ノ内町 湯田中
17%
八戸市 小中野
16%
上山市 羽前中山
16%
横浜市 元町・中華街
16%
天龍村 中井侍
16%
名古屋市 中村日赤
16%
名古屋市 中村公園
16%
和泉市 和泉府中
16%
大山町 中山口
16%
札幌市 発寒中央
15%
宮古市 陸中川井
15%
久慈市 陸中夏井
15%
横浜市 港南中央
15%
四日市市 中川原
15%
倉敷市 中庄
15%
福岡市 中洲川端
15%
新宮町 新宮中央
15%
札幌市 中央区役所前
14%
一関市 陸中門崎
14%
洋野町 陸中中野
14%
仙台市 中野栄
14%
ひたちなか市 中根
14%
滑川市 中滑川
14%
川辺町 中川辺
14%
浜松市 中部天竜
14%
菰野町 中菰野
14%
高島市 近江中庄
14%
猪名川町 日生中央
14%
小谷村 中土
13%
東大阪市 高井田中央
13%
広島市 安芸中野
13%
杵築市 中山香
13%
富山市 越中中島
12%
松阪市 伊勢中原
12%
一関市 陸中松川
11%
洋野町 陸中八木
11%
邑楽町 本中野
11%
箱根町 中強羅
11%
富山市 越中荏原
11%
高岡市 越中国分
11%
滑川市 越中中村
11%
七尾市 能登中島
11%
名古屋市 中京競馬場前
11%
瀬戸市 中水野
11%
鳥羽市 中之郷
11%
神戸市 中埠頭
11%
和歌山市 紀伊中ノ島
11%
境港市 中浜
11%
岡山市 備中箕島
11%
倉敷市 備中呉妹
11%
高梁市 備中川面
11%
真庭市 中国勝山
11%
須恵町 須恵中央
11%
多久市 中多久
11%
久慈市 陸中宇部
10%
大崎市 中山平温泉
10%
鹿角市 陸中大里
10%
金山町 会津中川
10%
日光市 中三依温泉
10%
富山市 越中三郷
10%
岡崎市 名電山中
10%
大阪市 中ふ頭
10%
阪南市 山中渓
10%
神戸市 中公園
10%
札幌市 中央図書館前
9%
川西町 | 鹿児島市 中郡
9%
栃木市 家中
9%
富山市 婦中鵜坂
9%
佐久市 中込
9%
神戸市 中央市場前
9%
伊予市 伊予中山
9%
佐世保市 野中
9%
宇都宮市 平石中央小学校前
8%
秩父市 武州中川
8%
東海市 加木屋中ノ池
8%
大阪市 駒川中野
8%
大阪市 針中野
8%
明石市 中八木
8%
高梁市 備中広瀬
8%
坂出市 讃岐府中
8%
札幌市 月寒中央
7%
札幌市 中島公園通
7%
南会津町 中荒井
7%
いすみ市 上総中川
7%
滑川市 中加積
7%
南砺市 越中山田
7%
立山町 沢中山
7%
佐久市 中佐都
7%
京都市 元田中
7%
伊予市 郡中
7%
中間市 筑豊中間
7%
平戸市 中田平
7%
大分市 中判田
7%
常陸大宮市 中舟生
6%
宇都宮市 ゆいの杜中央
6%
府中市 中畑
6%
柏崎市 西中通
6%
津南町 越後田中
6%
富山市 奥田中学校前
6%
射水市 中新湊
6%
立山町 越中泉
6%
上田市 中塩田
6%
中野市 中野松川
6%
和歌山市 中松江
6%
かつらぎ町 中飯降
6%
広島市 中深川
6%
霧島市 中福良
6%
函館市 中央病院前
5%
常総市 中妻
5%
魚沼市 魚沼田中
5%
富山市 新庄田中
5%
鯖江市 鳥羽中
5%
安曇野市 中萱
5%
広島市 中電前
5%
広島市 伴中央
5%
山陽小野田市 南中川
5%
伊予市 郡中港
5%
直方市 中泉
5%
大分市 竹中
5%
九重町 豊後中村
5%
鹿児島市 中名
5%
弘前市 聖愛中高前
4%
一戸町 奥中山高原
4%
郡山市 中山宿
4%
棚倉町 中豊
4%
横浜市 並木中央
4%
高岡市 志貴野中学校前
4%
射水市 中伏木
4%
福井市 中角
4%
佐久市 北中込
4%
浜松市 美薗中央公園
4%
鈴鹿市 中瀬古
4%
大津市 中ノ庄
4%
和歌山市 田中口
4%
雲南市 加茂中
4%
広島市 中三田
4%
阿南市 阿波中島
4%
新居浜市 中萩
4%
南国市 後免中町
4%
長崎市 新中川町
4%
日田市 豊後中川
4%
仙北市 羽後中里
3%
十日町市 魚沼中条
3%
長野市 附属中学前
3%
岡山市 中納言
3%
岡山市 東中央町
3%
広島市 修大協創中高前
3%
福岡市 海ノ中道
3%
柳川市 西鉄中島
3%
鹿児島市 中洲通
3%
富山市 中町(西町北)
2%
四日市市 北勢中央公園口
2%
広島市 中筋
2%
鹿児島市 二中通
2%
永平寺町 越前野中
1%
長崎市 新地中華街
0%
鹿児島市 甲東中学校前
0%
No matching quizzes found
Score Distribution
Percent of People with Each Score
Percentile by Number Answered
Your Score History
You have not taken this quiz